000 00499nam a2200169Ia 4500
005 20250424120307.0
008 250424s9999 xx 000 0 und d
022 _a23363274
050 _aDT 29 .M63/
245 0 _aModern Africa: politics, history and society
260 _aCzech Republic
260 _bPhilososphical faculty, university of Hradec kralove.
260 _c2015
300 _a164 p. :ill. ; 20 cm.
650 _aAfrica--History--1884-1960. Africa--History--1960-
942 _cSR
999 _c38492
_d38492